Válogatott Versei

Bibliographic Details
Main Author: Novomeský, Ladislav, 1904-1976 (Author)
Format: Book
Language:Undetermined
PhysicalDescription:235 s.
Published: Budapest Magvetö kiadó 1969

MARC

LEADER 00000nam a2200000 a 4500
001 vtls001350166
003 SK-MaSNL
005 20260301200822.0
008 240318s1969 xx 0 und
035 |a SNK000303495 
040 |a SNK  |b slo  |c SNK  |e AACR2 
100 1 |a Novomeský, Ladislav,  |d 1904-1976  |4 aut  |9 75208 
245 1 0 |a Válogatott Versei 
260 |a Budapest  |b Magvetö kiadó  |c 1969 
300 |a 235 s. 
958 |a OND 
999 |c 892191  |d 894121 
952 |a SNK  |b SNK  |y PREZ  |7 0  |p 17A0808043  |o snkSD 35035   |0 0  |1 0  |4 0  |d 2013-08-09  |l 0  |r 2026-02-24 06:48:00  |w 2026-02-24 
952 |t P60, <04>, [BOOK], {604}  |a SNK  |b SNK  |y VYP  |7 0  |p 17A0172599  |o snkSD 35035 D1  |0 0  |1 0  |4 0  |d 1998-12-04  |l 0  |r 2005-01-02 00:00:00  |w 2026-02-24